Online Catalogue and eLibrary

Folklore of Sri Lanka (Record no. 2980)

MARC details
000 -LEADER
fixed length control field 00434nam a2200181Ia 4500
005 - DATE AND TIME OF LATEST TRANSACTION
control field 20240807070643.0
008 - FIXED-LENGTH DATA ELEMENTS--GENERAL INFORMATION
fixed length control field 240331s9999 xx 000 0 und d
020 ## - INTERNATIONAL STANDARD BOOK NUMBER
ISBN 955610089X
082 ## - DDC Classification
Item Number - Author Mark RAT
Class No. 398
100 ## - MAIN ENTRY--PERSONAL NAME
Personal name Ratnapala, N
245 #0 - TITLE STATEMENT
Title Folklore of Sri Lanka
260 ## - PUBLICATION, DISTRIBUTION, ETC.
Place of publication, distribution, etc. Sri Lanka
Name of publisher, distributor, etc. The State Printing Corporation
Date of publication, distribution, etc. 1991
300 ## - PHYSICAL DESCRIPTION
Extent (e.g. Volumes, Pages etc.) xxvii, 211 p .,
650 ## - SUBJECT ADDED ENTRY--TOPICAL TERM
Topical term or geographic name entry element Law
650 ## - SUBJECT ADDED ENTRY--TOPICAL TERM
Topical term or geographic name entry element Social
650 ## - SUBJECT ADDED ENTRY--TOPICAL TERM
Topical term or geographic name entry element Crime
942 ## - Koha item type (Biblio)
Koha item type Books in Stacks (Lending)
Holdings
Lost status Damaged status Collection code Home library Current library Shelving location Date acquired Full call number Accession Number Item type
    Lending WERC Library WERC Library Social Science Cupboard 03/31/2024 398 RAT 1010 Books in Stacks (Lending)

© WERC Library